000
00377nam a2200145Ia 4500
008
090122s9999 xx 000 0 und d
082
_b
4830
_a
891.463
100
_a
खान
_b
राजन
245
_a
बीज धारणा
600
_a
खान
630
_a
बीज धारणा
700
_a
खान
730
_a
बीज धारणा
942
_c
BOOK
999
_c
28908
_d
28908